000
00471nam a2200181Ia 4500
008
100917s9999 xx 000 0 und d
082
_b
48191
100
_a
यशवंत
245
_a
यशोधन
260
_b
चित्रशाळा प्रेस प्रकाशन
_c
1956
300
_a
160
365
_b
5
520
_a
कविता
630
_a
यशोधन
650
_a
कविता
730
_a
यशोधन
942
_c
BOOK
999
_c
653585
_d
653582